1926 1293 1794 1834 1711 1916 1456 1802 1728 1330 1687 1975 1759 1393 1511 1548 1058 1057 1898 1962 1590 1169 1299 1212 1192 1574 1313 1134 1846 1535 1113 1794 1925 1023 1743 1432 1862 1379 1573 1188 1134 1645 1311 1520 1307 1514 1138 1593 1159 1886 1601 1236 1919 1625 1207 1257 1576 1790 1682 1043 1364 1409 1867 1565 1619 1929 1768 1683 1780 1178 1121 1328 1338 1585 1427 1008 1187 1293 1419 1079 1308 1257 1173 1762 1249 1940 1375 1068 1386 1733 1282 1604 1158 1522 1754 1616 1610 1137 1814 BCNSPRNW ULIB Ver.6.0+V

เปลี่ยนเป็นภาษาไทย

Change to English
 แสดงรายละเอียดบรรณานุกรม
  กลับหน้าหลัก

Brief Record : Get Marc (ISO 2709) : E-mail record : QR code < ปิดหน้าต่าง
LEADER : 00000nam 2200000uu 4500
001    13399127832
003     ULIB
008    211008s2559||||th 000 0 tha d
020 ^   ^a9786169186731
060 ^   ^aWB310^bค695ค
245 0   ^aคู่มือการดูแลผู้ป่วยระยะท้ายและครอบครัว /^cกิติพล นาควิโรจน์ บรรณาธิการ.
250 ^   ^aพิมพ์ครั้งที่ 1.
260 ^   ^a[กรุงเทพฯ] :^bสมาคมบริบาลผู้ป่วยระยะท้าย,^c2559.
300 ^   ^axi, 196 หน้า :^bภาพประกอบ
650 ^   ^aการดูแลขั้นวิกฤต^vคู่มือ.
650 ^   ^aผู้ป่วยระยะสุดท้าย^xการดูแล^vคู่มือ.
650 ^   ^aผู้ป่วยหนัก^xการดูแล^vคู่มือ.
655 ^   ^aHealth Sciences Branch.
700 0   ^aกิติพล นาควิโรจน์,^eบรรณาธิการ.
710 2   ^aสมาคมบริบาลผู้ป่วยระยะท้าย
945    ^p250^l0^i28951
945    ^p250^l0^i28952
999    ^aกัณชพร จุลอักษร
รายการนี้ยังไม่มีแท็ก
คุณยังไม่ได้ล็อกอิน คุณสามารถมีกิจกรรมร่วมกับเว็บไซต์ได้ แต่ต้องล็อกอินก่อน ::
  ล็อกอิน

รายการสื่อสารสนเทศ

ลำดับที่ ประเภท เลขเรียก/บาร์โค้ด สถานที่ สถานะ
1. หนังสือสำรอง
หนังสือสำรอง
สถานะ=หนังสือเก่า
WB310 ค695ค ฉ.1 
  Barcode: 28951
ห้องสมุดวิทยาเขตนครสวรรค์
►ส่วนจัดเก็บหนังสือเก่า นว.
บนชั้น
  ขอยืม
2. วิทยาศาสตร์การแพทย์ และสุขภาพ
วิทยาศาสตร์การแพทย์ และสุขภาพ
สถานะ=หนังสือเก่า
WB310 ค695ค ฉ.2 
  Barcode: 28952
ห้องสมุดวิทยาเขตนครสวรรค์
►ส่วนจัดเก็บหนังสือเก่า นว.
บนชั้น
  ขอยืม

BibComment


ยังไม่เคยถูกคอมเมนท์

คอมเมนท์ทรัพยากรรายการนี้
  คอมเมนท์: คู่มือการดูแลผู..


 Copyright 2026. Bcnsprnw @Library